[Event "Box Hill op"]
[Site "Box Hill"]
[Date "2001.10.05"]
[Round "5.38"]
[White "Stanning, Trevor"]
[Black "Petrou, Anthony"]
[Result "1-0"]
[WhiteElo "1574"]
[BlackElo "1248"]
[PlyCount "99"]
[EventDate "2001.09.??"]
[EventType "swiss"]
[EventRounds "7"]
[EventCountry "AUS"]
[SourceTitle "EXT 2003"]
[Source "ChessBase"]
[SourceDate "2002.11.25"]
[SourceVersion "1"]
[SourceVersionDate "2002.11.25"]
[SourceQuality "1"]

1. e4 e6 2. Nf3 c6 3. d4 Be7 4. Bd3 c5 5. c3 Qb6 6. 0-0 Nf6 7. Nbd2 d5 8. e5 Nh5 9. dxc5 Bxc5 10. Nb3 g6 11. Bh6 Bf8 12. Be3 Qc7 13. Rc1 Nc6 14. Bd4 Bh6 15. Nbd2 Nf4 16. Bb1 0-0 17. a3 Nh5 18. g3 f5 19. Bc5 Rf7 20. Bd6 Qb6 21. b4 Bg7 22. Ng5 Nxe5 23. Nxf7 Nxf7 24. Bc5 Qc7 25. f4 b6 26. Bd4 Ba6 27. Re1 Nf6 28. Qa4 Bc8 29. Nf3 Ne4 30. Qd1 Nxc3 31. Rxc3 Bxd4+ 32. Qxd4 Qd7 33. Rec1 Nd6 34. Bd3 b5 35. Rc7 Nc4 36. Rxd7 Bxd7 37. Ne5 Be8 38. Bxc4 bxc4 39. Qc5 a5 40. b5 Rb8 41. b6 a4 42. Qd6 Ra8 43. Qxe6+ Kf8 44. Qd6+ Kg7 45. b7 Ra5 46. b8Q Rb5 47. Qe7+ Kh6 48. Qh4+ Kg7 49. Qc7+ Kf8 50. Qh6+ 1-0

[Event "Box Hill op"]
[Site "Box Hill"]
[Date "2001.09.21"]
[Round "3.42"]
[White "Chong, Trevor"]
[Black "Stanning, Trevor"]
[Result "0-1"]
[WhiteElo "1286"]
[BlackElo "1574"]
[PlyCount "66"]
[EventDate "2001.09.??"]
[EventType "swiss"]
[EventRounds "7"]
[EventCountry "AUS"]
[SourceTitle "EXT 2003"]
[Source "ChessBase"]
[SourceDate "2002.11.25"]
[SourceVersion "1"]
[SourceVersionDate "2002.11.25"]
[SourceQuality "1"]

1. Nf3 f5 2. d4 Nf6 3. c4 d6 4. Nc3 c6 5. g3 g6 6. Bg2 Bg7 7. 0-0 0-0 8. Bf4 Nh5 9. Bd2 e5 10. dxe5 dxe5 11. Bg5 Qc7 12. e4 f4 13. c5 Na6 14. Qd6 Qxd6 15. cxd6 h6 16. Be7 Re8 17. Rfd1 Bd7 18. h3 fxg3 19. fxg3 Nxg3 20. Kh2 Nh5 21. h4 Nf4 22. Rd2 Nc5 23. b4 Nce6 24. Ne2 a5 25. Rb1 axb4 26. Rxb4 b5 27. Nc1 Ra3 28. Rb3 Rea8 29. Rxa3 Rxa3 30. Nb3 c5 31. Rc2 c4 32. Nbd2 Nc5 33. Bf1 Re3 0-1

[Event "Box Hill CC-ch"]
[Site "Box Hill"]
[Date "2000.05.19"]
[Round "3.19"]
[White "Stanning, Trevor"]
[Black "Weerasinghe, Malith"]
[Result "0-1"]
[WhiteElo "1581"]
[BlackElo "1422"]
[PlyCount "52"]
[EventDate "2000.??.??"]
[EventType "swiss"]
[EventRounds "9"]
[EventCountry "AUS"]
[SourceTitle "EXT 2003"]
[Source "ChessBase"]
[SourceDate "2002.11.25"]
[SourceVersion "1"]
[SourceVersionDate "2002.11.25"]
[SourceQuality "1"]

1. e4 e5 2. Nc3 Nf6 3. Bc4 Nc6 4. d3 h6 5. f4 d6 6. Nf3 Bg4 7. 0-0 Nd4 8. Kh1 Qd7 9. f5 a6 10. a3 h5 11. Ne2 Bxf3 12. gxf3 Be7 13. c3 Nxe2 14. Qxe2 h4 15. d4 Nh5 16. f4 exd4 17. cxd4 Rh7 18. Qg2 c6 19. Bxf7+ Kxf7 20. Qg6+ Kg8 21. Be3 Rf8 22. Rg1 Rf6 23. Qg4 Rf7 24. Qd1 d5 25. Qd3 dxe4 26. Qxe4 Qxf5 0-1

[Event "Box Hill Autumn Cup"]
[Site "Box Hill"]
[Date "2000.03.14"]
[Round "6.48"]
[White "Chong, Trevor"]
[Black "Stanning, Trevor"]
[Result "0-1"]
[WhiteElo "1178"]
[BlackElo "1424"]
[PlyCount "46"]
[EventDate "2000.??.??"]
[EventType "swiss"]
[EventRounds "9"]
[EventCountry "AUS"]
[SourceTitle "EXT 2003"]
[Source "ChessBase"]
[SourceDate "2002.11.25"]
[SourceVersion "1"]
[SourceVersionDate "2002.11.25"]
[SourceQuality "1"]

1. e4 d5 2. exd5 Nf6 3. d4 g6 4. Nf3 Bg7 5. c4 b5 6. b3 0-0 7. Be2 bxc4 8. bxc4 c6 9. 0-0 cxd5 10. c5 Nc6 11. Nbd2 Qc7 12. Nb3 a5 13. Bb2 Rb8 14. Rb1 Ne4 15. Bd3 Nb4 16. a3 Nxd3 17. Qxd3 Bf5 18. Qe2 Rxb3 19. Rfe1 Rfb8 20. Nh4 Be6 21. Qc2 Bf6 22. Nf3 Bf5 23. Qe2 Nc3 0-1

[Event "Box Hill Autumn Cup"]
[Site "Box Hill"]
[Date "2000.02.11"]
[Round "2.25"]
[White "Stanning, Trevor"]
[Black "Hopf, Lorna"]
[Result "1-0"]
[WhiteElo "1424"]
[BlackElo "1048"]
[PlyCount "79"]
[EventDate "2000.??.??"]
[EventType "swiss"]
[EventRounds "9"]
[EventCountry "AUS"]
[SourceTitle "EXT 2003"]
[Source "ChessBase"]
[SourceDate "2002.11.25"]
[SourceVersion "1"]
[SourceVersionDate "2002.11.25"]
[SourceQuality "1"]

1. e4 e5 2. Nc3 Nf6 3. Bc4 Bc5 4. d3 c6 5. Qf3 d6 6. Be3 Bxe3 7. fxe3 Be6 8. Bb3 Bxb3 9. axb3 Nbd7 10. Nge2 Qe7 11. 0-0 0-0 12. d4 a6 13. Ng3 g6 14. Rf2 Rac8 15. Raf1 Rc7 16. Qd1 Qd8 17. h3 Kg7 18. Nh1 Qe8 19. Qf3 Qe7 20. g4 h5 21. gxh5 Nxh5 22. Rg2 Ndf6 23. Ng3 Nxg3 24. Rxg3 Rh8 25. Qg2 Rcc8 26. Rgf3 Rcf8 27. Rxf6 Qxf6 28. Rxf6 Kxf6 29. Nd1 Rh5 30. Kh2 Rfh8 31. Nf2 Kg7 32. c4 b5 33. Qf1 f6 34. d5 cxd5 35. exd5 Rf5 36. e4 Rf3 37. Qe2 Rxb3 38. cxb5 axb5 39. Nd3 f5 40. Qc2 1-0